Instruction pamphlets of the Westinghouse Traction Brake Company. (Record no. 13424)

MARC details
000 -LEADER
fixed length control field 00635cam a22002171 4500
001 - CONTROL NUMBER
control field ca 06000073
003 - CONTROL NUMBER IDENTIFIER
control field DLC
005 - DATE AND TIME OF LATEST TRANSACTION
control field 20260227111042.0
008 - FIXED-LENGTH DATA ELEMENTS--GENERAL INFORMATION
fixed length control field 780510m19049999nyuaf 000 0 eng
010 ## - LIBRARY OF CONGRESS CONTROL NUMBER
LC control number ca 06000073
035 ## - SYSTEM CONTROL NUMBER
System control number (OCoLC)3884153
040 ## - CATALOGING SOURCE
Original cataloging agency DLC
Transcribing agency NcRS
Modifying agency NcRS
-- DLC
042 ## - AUTHENTICATION CODE
Authentication code premarc
050 00 - LIBRARY OF CONGRESS CALL NUMBER
Classification number TF425
Item number .W54
110 2# - MAIN ENTRY--CORPORATE NAME
Corporate name or jurisdiction name as entry element Westinghouse Traction Brake Company, New York.
245 10 - TITLE STATEMENT
Title Instruction pamphlets of the Westinghouse Traction Brake Company.
260 ## - PUBLICATION, DISTRIBUTION, ETC.
Place of publication, distribution, etc. New York,
Date of publication, distribution, etc. 1904.
300 ## - PHYSICAL DESCRIPTION
Extent pt. in v.
Other physical details illus., plates.
Dimensions 18 cm.
650 #0 - SUBJECT ADDED ENTRY--TOPICAL TERM
Topical term or geographic name entry element Westinghouse air-brake.
650 #0 - SUBJECT ADDED ENTRY--TOPICAL TERM
Topical term or geographic name entry element Electric railroads.

No items available.

Powered by Koha